MEDICAL LABORATORY TECHNOLOGY -2 (Record no. 6573)

MARC details
000 -LEADER
fixed length control field 00347nam a2200145Ia 4500
008 - FIXED-LENGTH DATA ELEMENTS--GENERAL INFORMATION
fixed length control field 150301s2014 xx 000 0 und d
082 ## - DEWEY DECIMAL CLASSIFICATION NUMBER
Classification number 612.015
Item number M14S
100 ## - MAIN ENTRY--PERSONAL NAME
Personal name SOOD, RAMNIK
245 ## - TITLE STATEMENT
Title MEDICAL LABORATORY TECHNOLOGY -2
250 ## - EDITION STATEMENT
Edition statement 6TH
260 ## - PUBLICATION, DISTRIBUTION, ETC. (IMPRINT)
Name of publisher, distributor, etc. JAYPEE
Place of publication, distribution, etc. DELHI
Date of publication, distribution, etc. 2014
300 ## - PHYSICAL DESCRIPTION
Extent 1670
650 ## - SUBJECT ADDED ENTRY--TOPICAL TERM
Topical term or geographic name as entry element BIOCHEMISTRY
942 ## - ADDED ENTRY ELEMENTS (KOHA)
Source of classification or shelving scheme Dewey Decimal Classification
Koha item type Books
Koha issues (borrowed), all copies 1
Holdings
Withdrawn status Lost status Source of classification or shelving scheme Damaged status Not for loan Collection code Home library Current library Shelving location Date acquired Source of acquisition Serial Enumeration / chronology SGTU Bill Number Total Checkouts Full call number Barcode Date last seen Bill Date Koha item type Date last checked out
    Dewey Decimal Classification     MEDICAL SGT Medical Library SGT Medical Library Text Book 02/07/2015 ABC DELHI II SGTU 4960   612.015 M14S FM6356 02/07/2015 25/10/2014 Books  
    Dewey Decimal Classification     MEDICAL SGT Medical Library SGT Medical Library Text Book 02/07/2015 ABC DELHI II SGTU 4960   612.015 M14S FM6357 02/07/2015 25/10/2014 Books  
    Dewey Decimal Classification     MEDICAL SGT Medical Library SGT Medical Library Text Book 02/07/2015 ABC DELHI II SGTU 4960 1 612.015 M14S FM6358 03/04/2025 25/10/2014 Books 21/03/2025
    Dewey Decimal Classification     MEDICAL SGT Medical Library SGT Medical Library Text Book 02/07/2015 ABC DELHI II SGTU 4960   612.015 M14S FM6359 02/07/2015 25/10/2014 Books  
    Dewey Decimal Classification     MEDICAL SGT Medical Library SGT Medical Library Text Book 02/07/2015 ABC DELHI II SGTU 4960   612.015 M14S FM6360 29/09/2018 25/10/2014 Books